<?xml version="1.0" encoding="UTF-8"?><?xml-stylesheet type="text/xsl" href="static/style.xsl"?><OAI-PMH xmlns="http://www.openarchives.org/OAI/2.0/" xmlns:xsi="http://www.w3.org/2001/XMLSchema-instance" xsi:schemaLocation="http://www.openarchives.org/OAI/2.0/ http://www.openarchives.org/OAI/2.0/OAI-PMH.xsd"><responseDate>2026-04-19T06:33:47Z</responseDate><request verb="GetRecord" identifier="oai:riubu.ubu.es:10259/10204" metadataPrefix="marc">https://riubu.ubu.es/oai/request</request><GetRecord><record><header><identifier>oai:riubu.ubu.es:10259/10204</identifier><datestamp>2025-02-12T01:05:34Z</datestamp><setSpec>com_10259_6171</setSpec><setSpec>com_10259_5086</setSpec><setSpec>com_10259_2604</setSpec><setSpec>col_10259_7105</setSpec></header><metadata><record xmlns="http://www.loc.gov/MARC21/slim" xmlns:doc="http://www.lyncode.com/xoai" xmlns:xsi="http://www.w3.org/2001/XMLSchema-instance" xmlns:dcterms="http://purl.org/dc/terms/" xsi:schemaLocation="http://www.loc.gov/MARC21/slim http://www.loc.gov/standards/marcxml/schema/MARC21slim.xsd">
<leader>00925njm 22002777a 4500</leader>
<datafield tag="042" ind1=" " ind2=" ">
<subfield code="a">dc</subfield>
</datafield>
<datafield tag="720" ind1=" " ind2=" ">
<subfield code="a">Trento, Daniel</subfield>
<subfield code="e">author</subfield>
</datafield>
<datafield tag="720" ind1=" " ind2=" ">
<subfield code="a">Faleschini, Flora</subfield>
<subfield code="e">author</subfield>
</datafield>
<datafield tag="720" ind1=" " ind2=" ">
<subfield code="a">Revilla Cuesta, Víctor</subfield>
<subfield code="e">author</subfield>
</datafield>
<datafield tag="720" ind1=" " ind2=" ">
<subfield code="a">Ortega López, Vanesa</subfield>
<subfield code="e">author</subfield>
</datafield>
<datafield tag="260" ind1=" " ind2=" ">
<subfield code="c">2024</subfield>
</datafield>
<datafield tag="520" ind1=" " ind2=" ">
<subfield code="a">Many wind-turbine blades are approaching the end of their operational life, and they must&#xd;
be replaced soon. As a result, there is a pressing need for cost-effective, sustainable, and simple&#xd;
recycling methods. This paper proposes a recycling process that transforms turbine blades into raw&#xd;
materials for concrete production. Raw-crushed wind-turbine blade (RCWTB) obtained from dismissed&#xd;
wind-turbine blades was incorporated in mixes containing recycled aggregates to improve fresh and&#xd;
early-age mechanical properties. The RCWTB is composed of glass fibers, polymeric particles, and balsa&#xd;
wood; based on its physical and microscopic properties, it works as both concrete fibers and aggregates.&#xd;
As a key finding, incorporating this waste material was observed to improve the early-age properties of&#xd;
concrete containing recycled aggregates. Plastic shrinkage decreased up to 47% and flexural strength&#xd;
reached 14% higher values, while compressive strength remained almost unchanged.</subfield>
</datafield>
<datafield tag="024" ind2=" " ind1="8">
<subfield code="a">http://hdl.handle.net/10259/10204</subfield>
</datafield>
<datafield ind1=" " ind2=" " tag="653">
<subfield code="a">Recycled Concrete</subfield>
</datafield>
<datafield ind1=" " ind2=" " tag="653">
<subfield code="a">Raw-crushed wind-turbine blades</subfield>
</datafield>
<datafield ind1=" " ind2=" " tag="653">
<subfield code="a">Plastic shrinkage</subfield>
</datafield>
<datafield ind1=" " ind2=" " tag="653">
<subfield code="a">Flexural strength</subfield>
</datafield>
<datafield ind1=" " ind2=" " tag="653">
<subfield code="a">Compressive strength</subfield>
</datafield>
<datafield tag="245" ind1="0" ind2="0">
<subfield code="a">Raw-crushed wind-turbine blade as an effective addition to enhance recycled concrete properties</subfield>
</datafield>
</record></metadata></record></GetRecord></OAI-PMH>